000 00551nam a2200193Ia 4500
003 GCL
008 140319s9999 xx 000 0 ara d
040 _aGCL /
_cGCL
082 0 4 _a301.36
_bب ك
100 1 _aسيد رمضان هدارة
245 1 0 _aكيف تنقذ بيئة المجتمعات الحضرية /
_cسيد رمضان هدارة
700 1 _aبيك، ماريتزا
300 _a276 ص
490 _a
650 0 4 _aالبيئة
650 0 4 _aالمجتمع
650 0 4 _aالمجتمعات الحضارية
942 _2ddc
_cBK
999 _c45416
_d45416